[Event "Perm op 06"]
[Site "Perm"]
[Date "2010.06.29"]
[Round "8"]
[White "Sabirov, Alexander"]
[Black "Potemkin, Kirill"]
[Result "1/2-1/2"]
[WhiteElo "2080"]
[BlackElo "2182"]
[PlyCount "56"]
[EventDate "2010.06.21"]
[EventType "swiss"]
[EventRounds "9"]
[EventCountry "RUS"]
[SourceTitle "CBM 137 Extra"]
[Source "ChessBase"]
[SourceDate "2010.09.01"]
[SourceVersion "1"]
[SourceVersionDate "2010.09.01"]
[SourceQuality "1"]

1. d4 d5 2. Nf3 Nf6 3. c4 c6 4. cxd5 cxd5 5. Nc3 h6 6. Bf4 e6 7. e3 Bd6 8. Bb5+ Nc6 9. Ne5 Qc7 10. Rb1 Bd7 11. Nxd7 Nxd7 12. Bxd6 Qxd6 13. Bxc6 bxc6 14. 0-0 0-0 15. Rc1 Rab8 16. Qc2 c5 17. dxc5 Nxc5 18. b3 a6 19. Qd2 Qe7 20. Rc2 Qf6 21. Rfc1 Rbd8 22. Ra1 Qf5 23. f3 Qg6 24. Ne2 Nd7 25. Rac1 Ne5 26. Nd4 a5 27. Rc3 a4 28. f4 Ng4 1/2-1/2

[Event "Perm op 06"]
[Site "Perm"]
[Date "2010.06.21"]
[Round "1"]
[White "Sabirov, Alexander"]
[Black "Liang, Vladimir"]
[Result "0-1"]
[WhiteElo "2080"]
[BlackElo "1878"]
[PlyCount "110"]
[EventDate "2010.06.21"]
[EventType "swiss"]
[EventRounds "9"]
[EventCountry "RUS"]
[SourceTitle "CBM 137 Extra"]
[Source "ChessBase"]
[SourceDate "2010.09.01"]
[SourceVersion "1"]
[SourceVersionDate "2010.09.01"]
[SourceQuality "1"]

1. d4 d5 2. c3 Nf6 3. e3 Nc6 4. Bd3 Bg4 5. Qa4 e6 6. Nd2 Be7 7. Qb5 Rb8 8. e4 0-0 9. e5 Nd7 10. Ngf3 f6 11. exf6 Nxf6 12. h3 Bh5 13. g4 Be8 14. Qb3 g6 15. Qd1 Bd6 16. Qe2 Qe7 17. Ne5 Nd7 18. Ndf3 Ncxe5 19. Nxe5 Nxe5 20. dxe5 Bc5 21. Be3 Bxe3 22. Qxe3 Qh4 23. 0-0 c5 24. Kh2 d4 25. cxd4 cxd4 26. Qg3 Qxg3+ 27. Kxg3 Bc6 28. f4 Kf7 29. Rf2 Ke7 30. Rc1 Rbd8 31. b3 Rg8 32. h4 h5 33. Rg1 Rc8 34. Rc2 Kf7 35. Kh3 Bf3 36. gxh5 gxh5 37. Rgc1 Rxc2 38. Rxc2 Bc6 39. f5 exf5 40. Bc4+ Kf8 41. Bxg8 Kxg8 42. Rd2 Kf7 43. Kg3 Ke6 44. Kf4 Kd5 45. Kxf5 Bd7+ 46. Kf6 Bg4 47. a3 Bd7 48. Re2 d3 49. Rd2 Kd4 50. e6 Bc6 51. Kg5 Ke3 52. Rxd3+ Kxd3 53. Kxh5 Ke4 54. Kg6 Ke5 55. Kf7 Kd6 0-1